000 01304aam a2200313 i 4500
001 768714001
003 CO-MdFUSB
005 20220603124928.0
008 220603t2013 sp |||| |||| 00| 0 spa d
020 _a9788499453149
040 _bspa.
_aCO-MdFUSB
_cCO-MdFUSB
_dCO-MdFUSBC
_erda
041 _aspa
082 0 4 _a227.107
_b P412
100 1 _aPenna, Romano
245 1 0 _aCarta a los Romanos : introducción, versión y comentario
_cRomano Penna ;Traducido: por José Pedro Tosaus Abadía
264 1 _aEstella, Navarra :
_bVerbo Divino,
_c[2013]
264 4 _c© 2013
300 _a1358 páginas
_c;
336 _2rdacontent
_atexto
_btxt
337 _2rdamedia
_asin mediación
_bn
338 _2rdacarrier
_avolumen
_bnc
500 _aTítulo original en italiano: Lettera ai Romani
501 _apasta dura
505 _aDestinatarios -- Remitente -- La carta -- El preámbulo (o protocolo) (1,1-7) -- La acción de gracias inicial (o posterior al protocolo) (1,8-15) -- Primera parte (1,16-11,36): Los elementos fundamentales que constituyen la identidad cristiana -- Segunda parte (12,1-15,13): El componente ético de la identidad cristiana -- Conclusión de la carta (15,14-16,27)
630 0 7 _aBiblia.
_pRomanos
653 _aComentario
942 _cREF
945 _aEstudiante
999 _c45041
_d45041